000 01117cam a2200301 a 4500
005 20160105083904.0
008 830811s1983 mauaf bc 000 0 eng
040 _aDLC
_cDLC
_dDLC
_dCO-BoIAVH
041 _aeng
043 _as-pe---
044 _axxu
082 0 0 _a598.0723
_bS83o
100 1 _aStephens, Lorain.
_911385
245 1 0 _aOrnithological gazetteer of Peru /
_cLorain Stephens and Melvin A. Traylor, Jr.
260 _aCambridge, Mass. :
_bBird Dept., Museum of Comparative Zoology, Harvard University,
_c1983.
300 _avi, 271 paginas.,
_bilustraciones ;
_c23 x 15 cm.
500 _aOn cover: Gazetteer of Peru.
504 _aBibliography: p. 243-271.
650 0 _aBirds
_zPeru
_xGeographical distribution.
_946319
650 0 _aBirds
_vCatalogs and collections
_zPeru.
_946320
650 4 _aAves
_vCatalogo
_zPeru
_946321
650 6 _aDiccionario Geografico
_zPeru
_946322
651 0 _aPeru
_xGazetteers.
_946323
700 1 _aTraylor, Melvin A.
_q(Melvin Alvah),
_d1915-2008.
_946324
740 0 _aGazetteer of Peru.
906 _a7
_bcbc
_corignew
_d2
_encip
_f19
_gy-gencatlg
942 _2ddc
_cLIBRO
999 _c1229
_d1229